00365nam a2200157Ia 4500008004100000020001400041245002900055245002400084260001500108260001600123260000900139300001600148300002500164300001000189500000800199170705s9999 xx 000 0 und d a590639196 4aThe voice on the radio / cCaroline B. Cooney. aNew York : bScholastic, c1996 a183 pages : bcolor illustration ; c19cm. a660